00500nam a2200193 a 4500001001300000003000900013005001700022008004100039020001000080082001600090100002000106245002400126260004200150300000900192500003500201505003100236650001900267700002000286nice12345678IN_TiNIC20260116011342.0050524s1959 alia grp 000 0 urd  ac10000a891.51bMUN aMunibur, Rehman aJadeed Farsi Shairi aAligarhbIdarah-E-Uloom Islamiac1959 a132p aincludes index and biblioraphy2 aNotes, Bibliography, Index aPersian Poetry1 aMunibur, Rehman